Knowledge and Science According to Gérard Simon (notice n° 1732335)

détails MARC
000 -LEADER
fixed length control field 01380cam a2200169 4500500
005 - DATE AND TIME OF LATEST TRANSACTION
control field 20260322003451.0
041 ## - LANGUAGE CODE
Language code of text/sound track or separate title fre
042 ## - AUTHENTICATION CODE
Authentication code dc
100 10 - MAIN ENTRY--PERSONAL NAME
Personal name Caveing, Maurice
Relator term author
245 00 - TITLE STATEMENT
Title Knowledge and Science According to Gérard Simon
260 ## - PUBLICATION, DISTRIBUTION, ETC.
Date of publication, distribution, etc. 2007.<br/>
500 ## - GENERAL NOTE
General note 100
520 ## - SUMMARY, ETC.
Summary, etc. Gérard Simon’s work relates simultaneously to two areas: science, in the modern sense of the term, and forms of knowledge, that is learning, or what is held to be learning, whether non-scientific, pre-scientific, or para-scientific. This paper analyzes possible connections between these two areas from the point of view of the historical order of succession and that of cognitive content brought together into various doctrinal systems. With this in mind, the paper examines the clues that emerge in many of Gérard Simon’s writings and that it is instructive to consider jointly. The conclusion is that there is no unique and characteristic model of the connection between science and forms of knowledge.
690 ## - LOCAL SUBJECT ADDED ENTRY--TOPICAL TERM (OCLC, RLIN)
Topical term or geographic name as entry element science; forms of knowledge; leading cultural features; credulity; plausibility; sixteenth and seventeenth centuries; Cartesiani
786 0# - DATA SOURCE ENTRY
Note Revue d’histoire des sciences | Volume 60 | 1 | 2007-08-01 | p. 203-216 | 0151-4105
856 41 - ELECTRONIC LOCATION AND ACCESS
Uniform Resource Identifier <a href="https://shs.cairn.info/journal-revue-d-histoire-des-sciences-2007-1-page-203?lang=en&redirect-ssocas=7080">https://shs.cairn.info/journal-revue-d-histoire-des-sciences-2007-1-page-203?lang=en&redirect-ssocas=7080</a>

Pas d'exemplaire disponible.

PLUDOC

PLUDOC est la plateforme unique et centralisée de gestion des bibliothèques physiques et numériques de Guinée administré par le CEDUST. Elle est la plus grande base de données de ressources documentaires pour les Étudiants, Enseignants chercheurs et Chercheurs de Guinée.

Adresse

627 919 101/664 919 101

25 boulevard du commerce
Kaloum, Conakry, Guinée

Réseaux sociaux

Powered by Netsen Group @ 2025